Statistiques concernant Personnalités de la Grèce Antique

Cliquez ici pour prendre le quiz!

Statistiques générales

  • Ce quiz a été pris 12 733 fois
  • Le résultat moyen est 11 sur 20

Statistiques - réponses

IndicePersonnage% Correct
a2 + b2 = c2Pythagore
95%
Auteur(s) supposé(s) de l'OdysséeHomère
91%
"Grand" conquérant macédonienAlexandre le Grand
87%
Grace à son théorème, il a pu calculer la hauteur de la grande pyramideThalès
84%
Reine d'Égypte qui se tua avec un cobraCléopâtre
83%
Élève du précédent, auteur du BanquetPlaton
79%
Philosophe condamné à mort pour perversion de la jeunesse athénienneSocrate
77%
Tous les médecins prêtent son sermentHippocrate
74%
Élève du précédent, fondateur du LycéeAristote
70%
Il aurait crié "Eurêka!" dans une baignoireArchimède
51%
Roi spartiate qui aurait combattu au côté de 300 soldats aux ThermopylesLéonidas
45%
Surnommé le père de la géométrieEuclide
42%
Stratège et homme d'État de l'âge d'or athénienPériclès
36%
Dramaturge à l'origine d'Antigone ou Œdipe RoiSophocle
30%
Considéré comme le "père de l'Histoire"Hérodote
29%
Ses fables ont beaucoup inspiré La FontaineÉsope
21%
Poétesse de Lesbos qui a donné au terme "lesbien" sa significationSappho
18%
Son nom est associé à des mesures d'une sévérité excessiveDracon
16%
Les grenouilles et ses comédies se moquent des tragédies grecquesAristophane
14%
Astronome du "géocentrisme" dont la théorie subsista jusqu'au XVIIIèmePtolémée
11%

Distribution des résultats

Percentile par nombre de réponses

% des personnes avec chaque résultat

Votre développement - résultats

Vous n’avez pas pris ce quiz